| 000 | 01481cam a22003135a 4500 | ||
|---|---|---|---|
| 001 | 17381650 | ||
| 005 | 20160802105510.0 | ||
| 008 | 120711s2012 ne frb 001 0 eng d | ||
| 010 | _a 2012357302 | ||
| 020 | _a9041125272 | ||
| 020 | _a9789041125279 | ||
| 040 |
_aDLC _beng _cDLC _dEG-ScBUE |
||
| 042 | _apcc | ||
| 082 | 0 | 4 |
_222 _a341.754 _bBAS |
| 245 | 0 | 0 |
_aBasic documents on international trade law / _cedited by Chia-Jui Cheng ; [with a foreword by Clive M. Schmitthoff]. |
| 250 | _a4th rev. ed. | ||
| 260 |
_aAlphen aan den Rijn : _bKluwer Law International, _cc.2012. |
||
| 300 |
_axxxix, 1692 p. ; _c24 cm. |
||
| 500 | _aIndex : p. 1681-1692. | ||
| 504 | _aBibliography : (p. [1635]-1680). | ||
| 505 | _aThe concept, nature and development of international trade law -- The law of international sale of goods -- The law of international transport -- The law of international payments -- The law of international insurance -- The law of international insurance -- International intellectual property law -- The system of extrajudicial dispute settlement in international trade law. | ||
| 590 | _aLC copy bound in 3 v. : v. 1, pts. 1-3, p. [1]-663 ; v. 2, pts. 4-6, p. [665]-1243 ; v. 3, pts. 7-8, p. [1245]-1692. | ||
| 650 | 7 |
_aCommercial law. _2BUEsh _936787 |
|
| 650 | 7 |
_aForeign trade regulation. _2BUEsh _927887 |
|
| 651 | _2BUEsh | ||
| 653 |
_bLLAAWW _cAugust 2016 |
||
| 700 | 1 |
_aCheng, Jiaruiā. _940616 _eeditor. |
|
| 942 |
_2ddc _e22 _k341.754 BAS |
||
| 999 |
_c22099 _d22071 |
||